000 00668cam a2200169 4500
001 ##L134445
008 060807n 000 0 eng u
035 _a(Sirsi) u134445
041 0 _aeng
050 0 4 _a333.0062 $2 18
110 2 _aNational Association of Auctioneers, House Agents, Rating Surveyors and Valuers
_94989
245 0 0 _aRegulations and syllabus of examinations
_bbye-laws, code of conduct, membership subscriptions, examination subjects, fees and general information
260 _a[S.l.]
_b[s.n.]
_c[between 1924 and ?] (Wembley
_bWembley Press)
300 _a20p.
_c22cm.
690 _aCAREERS, EDUCATION AND TRAINING-QUALIFICATION ROUTES
942 _n0
999 _c105678
_d105678